| 000 | 00513nam a2200181 a 4500 | ||
|---|---|---|---|
| 001 | 000030255 | ||
| 005 | 20200930060155.0 | ||
| 008 | 110505s1995 dr a 000 0 spa d | ||
| 040 |
_aDO-SdBNP _bspa _cBNPHU |
||
| 082 |
_axxx _bG195o |
||
| 245 | 0 | 0 | _aGanado ovino y caprino. |
| 260 |
_aSanto Domingo : _bFundación de Desarrollo Agropecuario, _c1995. |
||
| 300 |
_a40 p. : _bil. ; _c29 cm. |
||
| 490 | 1 |
_aPecuaria _vno. 1 |
|
| 504 | _aBibliografía : p. 38-40 | ||
| 830 | 0 |
_aPecuaria _nno.1 _956937 |
|
| 049 | _aBNPD | ||
| 999 |
_c29747 _d29747 |
||